| 000 | 00673nam a2200229 a 4500 | ||
|---|---|---|---|
| 001 | 50206 | ||
| 003 | BD-RjUL | ||
| 005 | 20211209075456.0 | ||
| 008 | 160824s1942 enkbfk 000 0 eng | ||
| 035 | _a(BD-RjUL)50326 | ||
| 040 |
_aDLC _cCarP _dDLC _dDLC _dBD-RjUL _beng |
||
| 041 | _aeng | ||
| 082 |
_223 _a573.6 _bDUI 1942 |
||
| 100 | 1 |
_aDuncan, J. H. _9150496 |
|
| 245 | 1 | 3 |
_aAn introduction to fingerprints / _cJ. H. Duncan |
| 260 |
_aLondon : _bButterworth & co. (publishers), ltd., _c1942. |
||
| 300 |
_aviii, 69 p. : _bill. ; _c22 cm. |
||
| 504 | _aIncludes Index | ||
| 650 | 0 |
_aFingerprints. _9150497 |
|
| 650 | 0 |
_aCriminal investigation. _9150498 |
|
| 942 |
_2ddc _cBK |
||
| 999 |
_c50206 _d50206 |
||